书目信息 |
| 题名: |
生物制药设备和分离纯化技术
|
|
| 作者: | 吴永宁 主编 | |
| 分册: | ||
| 出版信息: | 北京 化学工业出版社 2003.05 |
|
| 页数: | 618页 | |
| 开本: | 26cm | |
| 丛书名: | ||
| 单 册: | ||
| 中图分类: | TS207.7 | |
| 科图分类: | ||
| 主题词: | 食品工业 | |
| 电子资源: | ||
| ISBN: | 7-5025-4123-3 | |
| 000 | 00538nam0 2200193 450 | |
| 001 | 0461245105 | |
| 005 | 20040907170044.28 | |
| 010 | @a7-5025-4123-3@dCNY 90.00 | |
| 100 | @a20040907d2003 km y0chiy0120 ea | |
| 101 | 0 | @achi |
| 102 | @aCN@b110000 | |
| 200 | 1 | @a生物制药设备和分离纯化技术@f吴永宁主编@Fwu yong ning zhu bian |
| 210 | @a北京@c化学工业出版社@d2003.05 | |
| 215 | @a618页@d26cm | |
| 606 | 0 | @a食品工业 |
| 690 | @aTS207.7@v3 | |
| 701 | 0 | @a吴永宁@Awu yong ning@4主编 |
| 801 | 0 | @aCN@bPFT@c20040907 |
| 905 | @a10447@dTS207.7@eW905 | |
| 生物制药设备和分离纯化技术/吴永宁主编.-北京:化学工业出版社,2003.05 |
| 618页;26cm |
| ISBN 7-5025-4123-3:CNY 90.00 |
| ● |
| 相关链接 |
|
|
|
正题名:生物制药设备和分离纯化技术
索取号:TS207.7/W905
 
预约/预借
| 序号 | 登录号 | 条形码 | 馆藏地/架位号 | 状态 | 备注 |
| 1 | 391084 | 203910848 | 自科库501/501自科库 72排1列2层/ [索取号:TS207.7/W905] | 在馆 | |
| 2 | 391085 | 203910857 | 自科库501/501自科库 72排1列2层/ [索取号:TS207.7/W905] | 在馆 |